Statistics for Years the NBA teams Came #1

Click here to take the quiz!

General Stats

  • This quiz has been taken 12 times
  • The average score is 4 of 15

Answer Stats

HintAnswer% Correct
Chicago Bulls1966
50%
Indiana Pacers1967
50%
Milwaukee Bucks1968
50%
Cleveland Cavaliers1970
50%
Miami Heat1988
50%
Toronto Raptors1995
50%
Boston Celtics1946
25%
New York Knicks1946
25%
Charlotte Hornets1988
25%
Orlando Magic1989
25%
Detroit Pistons1937
0%
Philadelphia 76ers1946
0%
Atlanta Hawks1946
0%
Washington Wizards1961
0%
Brooklyn Nets1967
0%

Score Distribution

Percentile by Number Answered

Percent of People with Each Score

Your Score History

You have not taken this quiz